| 000 | 01154cam a2200289 4500 | ||
|---|---|---|---|
| 001 | WB3649-10 | ||
| 008 | 000000n2000 000 0 eng u | ||
| 035 | _a(Sirsi) u109917 | ||
| 245 | _aRICS president addresses UN | ||
| 260 | _c2000 | ||
| 490 |
_aRICS Press Release _v(pr40) 8 December 2000 (2) |
||
| 520 | _aRICS president Jonathan Harris addressed the UN in Geneva at its first conference "Finance for Development", on the role of land and property in sustainable development. A copy of the president's speech is available from the RICS press office on 020 7334 3740. The paper prepared for the meeting "Developing real estate land market in transition economies" is available at http://www.unece.org or for loan from the RICS Library. | ||
| 590 | _aWB | ||
| 650 | _aRICS | ||
| 650 | _aUNITED NATIONS | ||
| 650 | _aLAND MARKETS | ||
| 650 | _aINWARD INVESTMENT | ||
| 650 | _aLAND REFORM | ||
| 650 | _aPROPERTY MARKETS | ||
| 650 | _aLAND OWNERSHIP | ||
| 650 | _aCENTRAL EUROPE | ||
| 650 | _aEASTERN EUROPE | ||
| 650 | _aFORMER SOVIET UNION | ||
| 650 | _aTRANSITION ECONOMIES | ||
| 690 | _aDEVELOPMENT-SUSTAINABLE | ||
| 942 | _n0 | ||
| 999 |
_c65574 _d65574 |
||